Correlates of current cigarette smoking among in-school adolescents in the Kurdistan region of Iraq (Record no. 31170)

MARC details
000 -LEADER
fixed length control field 00769nam a2200169 a 4500
008 - FIXED-LENGTH DATA ELEMENTS--GENERAL INFORMATION
fixed length control field 121210s2007 ||||||||||||||||| || u
050 ## - LIBRARY OF CONGRESS CALL NUMBER
Classification number PAPERS/STAFF
100 ## - MAIN ENTRY--PERSONAL NAME
Personal name Siziya, Seter
245 10 - TITLE STATEMENT
Title Correlates of current cigarette smoking among in-school adolescents in the Kurdistan region of Iraq
Statement of responsibility, etc. by Seter Siziya, Adamson S. Muula and Emmanuel Rudatsikira
260 ## - PUBLICATION, DISTRIBUTION, ETC.
Place of publication, distribution, etc. Lusaka:
Name of publisher, distributor, etc. University of Zambia, School of Medicine
Date of publication, distribution, etc. 2007
300 ## - PHYSICAL DESCRIPTION
Extent 7p.: ill.
490 ## -
-- Conflict and Health
490 ## -
-- Vol. 1, No. 13
500 ## - GENERAL NOTE
General note Bibliography
650 ## - SUBJECT ADDED ENTRY--TOPICAL TERM
Topical term or geographic name entry element CIGARETTE SMOKING--IN-SCHOOL ADOLESCENTS--KURDISTAN, IRAQ
995 ## -
-- SPECIAL COLLECTIONS
-- 354
-- CBU-SCHOOL OF MEDICINE LIBRARY (Ndola)
-- PAPERS/STAFF/SIZIYA
-- 1
-- AVAILABLE
-- Dec 10, 2012
-- B354
-- Zambiana Collection
999 ## -
-- 31170
-- 31170
Holdings
Withdrawn status Lost status Source of classification or shelving scheme Damaged status Not for loan Permanent Location Current Location Shelving location Date acquired Total Checkouts Full call number Barcode Date last seen Price effective from Koha item type
          CBU-SCHOOL OF MEDICINE LIBRARY, NDOLA. CBU-SCHOOL OF MEDICINE LIBRARY, NDOLA.   11/30/2022   PAPERS/STAFF B354 11/30/2022 11/30/2022 MONOGRAPH